000 00237 a2200085 4500
020 _a9789966195203
245 _aThe gallant academic: Essays in honour of HWO Okoth-Ogendo
260 _bSchool of Law-Univeristy of Nairobi
_c2017
942 _cBK
999 _c52613
_d52613